LEADER 01277nam--2200409---450- 001 990003170910203316 005 20081216141656.0 010 $a88-464-8089-9 035 $a000317091 035 $aUSA01000317091 035 $a(ALEPH)000317091USA01 035 $a000317091 100 $a20081106d2006----km-y0itay50------ba 101 $aita 102 $aIT 105 $a||||||||001yy 200 1 $aAscesa e declino dello sviluppo$euna prospettiva globale$fPhilip McMichael$gedizione italiana a cura di Mauro Di Meglio$g[traduzione di Jamel Napolitano] 210 $aMilano$cF. Angeli$dcopyr. 2006 215 $a256 p.$d23 cm 225 2 $aVichiana$v20 410 0$12001$aVichiana 454 1$12001$aDevelopment and social change$924662 606 0 $aSviluppo economico$z1940-1980 606 0 $aGlobalizzazione$z1980-2004 676 $a338.9009 700 1$aMCMICHAEL,$bPhilip$0144526 702 1$aDI MEGLIO,$bMauro 702 1$aNAPOLITANO,$bJamel 801 0$aIT$bsalbc$gISBD 912 $a990003170910203316 951 $aDSSP 338.9009 MCM$b15152 DSSP 959 $aBK 969 $aDSSP 979 $aDSSP1$b10$c20081106$lUSA01$h1336 979 $aDSSP1$b10$c20081216$lUSA01$h1416 996 $aDevelopment and social change$924662 997 $aUNISA LEADER 01078nam--2200361---450- 001 990003616330203316 005 20120126154000.0 010 $a0-582-25021-8 035 $a000361633 035 $aUSA01000361633 035 $a(ALEPH)000361633USA01 035 $a000361633 100 $a20120126d1995----km-y0itay50------ba 101 0 $aeng 102 $aGB 105 $a||||||||001yy 200 1 $aSpoken English on computer$etranscription, mark-up and application$fedited by Geoffrey Leech, Greg Myers, Jenny Thomas 210 $aHarlow$cLongman$d1995 215 $a259 p.$d23 cm 606 0 $aElaborazione elettronica$xLingua inglese$2BNCF 676 $a420.285 702 1$aLEECH,$bGeoffrey 702 1$aMYERS,$bGreg 702 1$aTHOMAS,$bJenny 801 0$aIT$bsalbc$gISBD 912 $a990003616330203316 951 $aIV.2. 2303$b6826 L.G.$cIV.2.$d00305960 959 $aBK 969 $aUMA 979 $aPASSARO$b90$c20120126$lUSA01$h1537 979 $aPASSARO$b90$c20120126$lUSA01$h1540 996 $aSpoken english on computer$9567400 997 $aUNISA LEADER 01946oam 2200577 450 001 9910711846103321 005 20191029092123.0 035 $a(CKB)5470000002487621 035 $a(OCoLC)1046653879$z(OCoLC)1114919249 035 $a(OCoLC)995470000002487621 035 $a(EXLCZ)995470000002487621 100 $a20180730d1956 ua 0 101 0 $aeng 135 $aurbn||||||||| 181 $ctxt$2rdacontent 182 $cc$2rdamedia 183 $acr$2rdacarrier 200 10$aCompilation of records of surface waters of the United States through September 1950$hPart 13$iSnake River Basin /$fby J.V.B. Wells 210 1$a[Washington, D.C.] :$cUnited States Department of the Interior, Geological Survey,$d1956. 210 2$aWashington :$cUnited States Government Printing Office. 215 $a1 online resource (v, 566 pages) $cillustrations, maps +$e1 plate 225 1 $aGeological Survey water-supply paper ;$v1317 300 $aIncludes index. 517 3 $aSnake River Basin 606 $aWater quality$zIdaho 606 $aWater quality$zSnake River Watershed (Wyo.-Wash.) 606 $aWater-supply$zIdaho 606 $aWater-supply$zSnake River Watershed (Wyo.-Wash.) 606 $aWater quality$2fast 606 $aWater-supply$2fast 607 $aIdaho$2fast 607 $aUnited States$zSnake River Watershed$2fast 615 0$aWater quality 615 0$aWater quality 615 0$aWater-supply 615 0$aWater-supply 615 7$aWater quality. 615 7$aWater-supply. 700 $aWells$b J. V. B.$01385991 712 02$aGeological Survey (U.S.), 801 0$bCOP 801 1$bCOP 801 2$bOCLCO 801 2$bOCLCF 801 2$bMERUC 801 2$bOCLCE 801 2$bGPO 906 $aBOOK 912 $a9910711846103321 996 $aCompilation of records of surface waters of the United States through September 1950$93446974 997 $aUNINA